000 00740nam a22002057a 4500
999 _c13264
_d13264
003 AR-CdUCM
008 190409b ||||| |||| 00| 0 spa d
020 _a978-607-404-968-8
040 _aMUNICIPALIDAD PROVINCIAL DEL CUSCO
_cBIBLIOTECA MUNICIPAL DEL CUSCO
082 _aEP / 804 /
_bP26
100 _aParker, Vic
_930410
245 _a50 historias disparatadas /
260 _aMéxico :
_bSilver Dollphin,
_c2014.
300 _a512 páginas
_c23 cm.
505 _aContenido :Caída en la madriguera del conejo -- Amo a todos los amos -- Una pregunta tonta -- El mejor mentiroso del mundo -- El muchacho y el diablo ...
650 _aHistorietas
_910786
650 _aCuentos
_9217
942 _2ddc
_cLIBROS
945 _arum
_d2019-04-11